[Event "ch-FRA Blitz Online Qual"]
[Site "Europe-Chess INT"]
[Date "2020.05.16"]
[Round "7"]
[White "Galhaud, Jean-Philippe"]
[Black "Langer, Karele"]
[Result "1-0"]
[WhiteElo "1749"]
[BlackElo "1282"]
[WhiteFideId "26001349"]
[BlackFideId "551017938"]
[EventDate "2020.05.16"]

1. e4 c5 2. Nf3 e6 3. c3 d5 4. e5 Nc6 5. d4 f6 6. Bb5 Bd7 7. exf6 Nxf6 8. O-O
Bd6 9. Bg5 Be7 10. Re1 O-O 11. Bxc6 bxc6 12. Ne5 Ne4 13. Bxe7 Qxe7 14. f3 Nd6
15. dxc5 Nc4 16. Nxc4 dxc4 17. Qd6 Qxd6 18. cxd6 Rfd8 19. Na3 Be8 20. Nxc4 Bf7
21. Rad1 Rd7 22. Ne5 Rdd8 23. c4 c5 24. d7 a6 25. Nc6 h6 26. Nxd8 Rxd8 27. b3 g5
28. Rd6 Kg7 29. Red1 Kf6 30. Rxa6 Ke7 31. Ra7 e5 32. Rc7 Be6 33. Rxc5 Rxd7 34.
Rxd7+ Bxd7 35. Rxe5+ Kf6 36. Rd5 Be6 37. Rd6 Ke5 38. Ra6 Kd4 39. Kf2 Bf5 40. g4
Bb1 41. a4 Bc2 42. Rb6 Kc3 43. a5 Bxb3 44. Rxb3+ Kxb3 45. a6 Kxc4 46. a7 Kc3 47.
a8=Q Kc2 48. Qc6+ Kd3 49. Qxh6 Kd4 50. Qxg5 Kd3 51. Qf5+ Kd4 52. Qe4+ Kc5 53.
Qd3 Kc6 54. h4 Kc5 55. h5 Kc6 56. Qd4 Kc7 57. Qf6 Kd7 58. Ke3 Kc7 59. Ke4 Kd7
60. Kd5 Kc7 61. Kc5 Kd7 62. h6 Kc7 63. Qg7+ Kd8 64. h7 Kc8 65. h8=Q# 1-0

[Event "ch-FRA Blitz Online Qual"]
[Site "Europe-Chess INT"]
[Date "2020.05.16"]
[Round "7"]
[White "Thibous, Mathis"]
[Black "Le Bail, Stephane"]
[Result "0-1"]
[WhiteElo "1313"]
[BlackElo "1746"]
[WhiteFideId "45163014"]
[BlackFideId "655368"]
[EventDate "2020.05.16"]

1. d4 d5 2. c4 e6 3. Nc3 Nf6 4. Nf3 Be7 5. g3 O-O 6. Bg2 Nbd7 7. Ne5 b6 8. O-O
Bb7 9. cxd5 Nxd5 10. Nxd5 exd5 11. f4 f6 12. Nd3 c5 13. e3 c4 14. Nf2 f5 15. h4
Nf6 16. Bd2 Ne4 17. Nxe4 fxe4 18. b3 b5 19. a4 a6 20. b4 Bd6 21. axb5 axb5 22.
Bc3 Qe7 23. Qd2 Bc6 24. Kh2 h5 25. Qb2 Bd7 26. Ra5 Bc7 27. Rxa8 Rxa8 28. Ra1 Qd8
29. Ra3 Ra4 30. Rxa4 bxa4 31. Bh3 Bb5 32. g4 Qxh4 33. g5 Bd7 34. Qg2 Bxh3 35.
Qxh3 Qf2+ 36. Qg2 Qxg2+ 37. Kxg2 g6 38. Kh3 Kf7 39. Kh4 Ke6 40. Kg3 Kf5 41. Bb2
Bb6 42. Bc3 a3 43. Ba1 a2 44. Bc3 Bc7 45. b5 Bb6 46. Ba1 Ke6 47. Kh4 Kd6 48. f5
gxf5 49. Kxh5 f4 50. Kg4 f3 51. Kg3 Ke6 52. Kf2 Kf5 53. Kg3 Kxg5 54. Bc3 Kf5 55.
Ba1 Ke6 56. Bc3 Kd6 57. Kf2 Kc7 58. Ba1 Ba5 59. Bb2 Bd2 60. Ba1 Kb6 61. Bb2 Kxb5
62. Ba1 Kb4 63. Bb2 Kb3 64. Ba1 Bc3 65. Kg3 Bxa1 66. Kf4 Bc3 67. Ke5 a1=Q 68.
Kxd5 Qa5+ 69. Kxe4 f2 70. d5 f1=Q 71. d6 Qd8 72. d7 Qe7+ 73. Kd5 Qxd7+ 74. Ke4
Qfd3+ 75. Kf4 Qf7+ 76. Kg3 Qxe3+ 77. Kg4 Qg1+ 78. Kh4 Qh7# 0-1

[Event "ch-FRA Blitz Online Qual"]
[Site "Europe-Chess INT"]
[Date "2020.05.16"]
[Round "7"]
[White "Serieys, Philippe"]
[Black "Flores, Victor"]
[Result "0-1"]
[WhiteElo "1210"]
[BlackElo "1741"]
[WhiteFideId "36092576"]
[BlackFideId "45133492"]
[EventDate "2020.05.16"]

1. e4 c5 2. Nf3 g6 3. c3 Bg7 4. d4 cxd4 5. cxd4 d5 6. e5 Bg4 7. Be2 Nc6 8. Be3
e6 9. O-O Nge7 10. Nbd2 O-O 11. Ne1 Bxe2 12. Qxe2 Qb6 13. b3 f6 14. exf6 Bxf6
15. Nef3 Nf5 16. Rfe1 Ncxd4 17. Nxd4 Nxd4 18. Bxd4 Bxd4 19. Qxe6+ Qxe6 20. Rxe6
Bxa1 21. Rd6 Rad8 22. Re6 Bd4 23. Nf3 Rc8 24. h3 Rc1+ 25. Kh2 Bxf2 26. Re7 Rf7
27. Re8+ Kg7 28. Rd8 Bb6 29. Rxd5 Bc7+ 30. g3 Rxf3 31. Rd7+ Rf7 32. Rxf7+ Kxf7 0-1

[Event "ch-FRA Blitz Online Qual"]
[Site "Europe-Chess INT"]
[Date "2020.05.16"]
[Round "7"]
[White "Nguyen, Theo"]
[Black "Levy, Kevin"]
[Result "1-0"]
[WhiteElo "1309"]
[BlackElo "1740"]
[WhiteFideId "551068591"]
[BlackFideId "45128588"]
[EventDate "2020.05.16"]

1. d4 d5 2. Nf3 Nf6 3. g3 e6 4. Bg2 Be7 5. O-O O-O 6. b3 c5 7. Bb2 Nc6 8. e3 a6
9. c4 b5 10. Nbd2 cxd4 11. exd4 bxc4 12. bxc4 Rb8 13. Qc1 Nb4 14. Ne5 Nd7 15.
Ndf3 f6 16. Nxd7 Bxd7 17. Rd1 Rc8 18. c5 Bb5 19. Bf1 Bxf1 20. Kxf1 Qa5 21. a3
Qb5+ 22. Kg2 Nd3 23. Qc2 Nxb2 24. Rdb1 Rb8 25. Ra2 Qa4 26. Rbxb2 Qxc2 27. Rxc2
Rb3 28. a4 Rfb8 29. c6 Bd8 30. c7 Bxc7 31. Rxc7 R3b4 32. Ra7 R8b6 33. a5 Rc6 34.
Ra8+ Kf7 35. h4 Kg6 36. Kh3 Kf5 37. Nd2 Rxd4 38. Nb3 Rb4 39. Nd2 e5 40. Ra7 Kg6
41. g4 Rc3+ 42. f3 Rc6 43. h5+ Kh6 44. Kg3 g6 45. hxg6 hxg6 46. Ra8 Kg7 47. Ra7+
Kf8 48. Nf1 Rb3 49. Rh2 Kg8 50. Rhh7 Rcc3 51. Rhg7+ Kf8 52. Nh2 d4 53. Rxg6 d3
54. Rxf6+ Kg8 55. Rd6 Rc8 56. Rd5 Rb2 57. Rxd3 Rb5 58. Rxa6 1-0

[Event "ch-FRA Blitz Online Qual"]
[Site "Europe-Chess INT"]
[Date "2020.05.16"]
[Round "7"]
[White "Frazao, Thomas"]
[Black "Dincov, Ioan"]
[Result "0-1"]
[WhiteElo "1719"]
[BlackElo "1549"]
[WhiteFideId "36083704"]
[BlackFideId "45118612"]
[EventDate "2020.05.16"]

1. e4 e6 2. d4 d5 3. Nd2 Nf6 4. e5 Nfd7 5. Bd3 b6 6. Ne2 Ba6 7. Nf3 Bxd3 8. Qxd3
c5 9. dxc5 Nxc5 10. Qd1 Nc6 11. O-O Rc8 12. Be3 Qc7 13. Bf4 Be7 14. Ned4 Nxd4
15. Qxd4 Ne4 16. c3 O-O 17. Nd2 Bc5 18. Qd3 Nxd2 19. Qxd2 Rfd8 20. Rad1 d4 21.
cxd4 Rxd4 22. Qe2 Rcd8 23. Rxd4 Rxd4 24. Rd1 Rxf4 25. Qd2 Rd4 26. Qc2 Rxd1+ 27.
Qxd1 Kf8 28. Qh5 h6 29. Qe2 Ke7 30. g3 Bd4 31. b3 Qxe5 32. Qc2 Qc5 33. Qe2 Bxf2+
34. Qxf2 Qxf2+ 35. Kxf2 g6 36. Ke3 f5 37. Kd4 Kd6 38. a4 e5+ 39. Kc4 e4 40. b4
a6 41. Kd4 g5 42. h3 h5 43. Kc4 f4 44. gxf4 gxf4 45. Kd4 e3 46. Ke4 e2 47. Kxf4
e1=Q 48. Kg5 Qxb4 49. Kxh5 Qxa4 50. h4 Qf4 51. Kg6 Ke6 52. h5 Qf5+ 53. Kh6 a5
54. Kg7 a4 55. h6 a3 56. Kh8 a2 57. h7 Qf8# 0-1

[Event "ch-FRA Blitz Online Qual"]
[Site "Europe-Chess INT"]
[Date "2020.05.16"]
[Round "7"]
[White "Leccia, Thomas"]
[Black "Fraile, Lucas"]
[Result "0-1"]
[WhiteElo "1893"]
[BlackElo "1276"]
[WhiteFideId "36087270"]
[BlackFideId "45146322"]
[EventDate "2020.05.16"]

1. e4 c6 2. d4 d5 3. Nc3 dxe4 4. Nxe4 Nf6 5. Nxf6+ exf6 6. Nf3 Be7 7. g3 O-O 8.
Bg2 Bg4 9. O-O c5 10. d5 Bd6 11. c4 a6 12. h3 Bh5 13. Be3 b5 14. b3 Nd7 15. Qc2
Bg6 16. Qd2 Ne5 17. Nxe5 fxe5 18. Rac1 Rc8 19. f4 exf4 20. Bxf4 Bxf4 21. Qxf4 f6
22. Rfd1 Re8 23. d6 Qd7 24. Bf3 Red8 25. h4 Bf7 26. g4 Be6 27. g5 fxg5 28. hxg5
Qf7 29. Qxf7+ Bxf7 30. Bg4 Rc6 31. d7 Rc7 32. cxb5 axb5 33. Rd6 Kf8 34. Rf1 Ke7
35. Rfd1 c4 36. bxc4 bxc4 37. R6d4 c3 38. Re4+ Kf8 39. Rf1 Kg8 40. Be6 Bxe6 41.
Rxe6 Rcxd7 42. Rc6 Rd3 43. a4 Ra8 0-1

[Event "ch-FRA Blitz Online Qual"]
[Site "Europe-Chess INT"]
[Date "2020.05.16"]
[Round "7"]
[White "Naillou, Jean-Marc"]
[Black "Shved, Jakov"]
[Result "0-1"]
[WhiteElo "1449"]
[BlackElo "1667"]
[WhiteFideId "36047724"]
[BlackFideId "45178194"]
[EventDate "2020.05.16"]

1. e4 c5 2. c3 d6 3. d4 cxd4 4. cxd4 Nd7 5. Nf3 a6 6. Bc4 Qc7 7. Qc2 e6 8. O-O
b5 9. Bb3 Qxc2 10. Bxc2 Bb7 11. Nbd2 Rc8 12. Bd3 Ngf6 13. Re1 Be7 14. e5 dxe5
15. dxe5 Nd5 16. Nb3 Nb4 17. Be4 Bxe4 18. Rxe4 Nd3 19. Bf4 Nxb2 20. Bg5 Nc5 21.
Nxc5 Bxc5 22. Rc1 Nd3 23. Rc2 O-O 24. Ree2 Nb4 25. Rb2 a5 26. Be3 Bxe3 27. fxe3
Rc1+ 28. Kf2 Rfc8 29. Nd4 Nd3+ 30. Kf3 Nxb2 31. Rxb2 b4 32. a3 bxa3 33. Ra2 R1c3
34. Nb5 Rb3 35. Nxa3 Rcc3 0-1

[Event "ch-FRA Blitz Online Qual"]
[Site "Europe-Chess INT"]
[Date "2020.05.16"]
[Round "7"]
[White "Grimault, Leane"]
[Black "Courjal, Juliette"]
[Result "0-1"]
[WhiteElo "1622"]
[BlackElo "1388"]
[WhiteFideId "36056847"]
[BlackFideId "45147833"]
[EventDate "2020.05.16"]

1. c4 b6 2. g3 Bb7 3. Nf3 e6 4. Bg2 f5 5. O-O Nf6 6. Nc3 g6 7. d3 Bg7 8. Qd2 O-O
9. b3 Qe7 10. Bb2 d6 11. d4 Nbd7 12. e3 Ne4 13. Nxe4 fxe4 14. Ne1 d5 15. f3 Nf6
16. Rc1 c5 17. dxc5 bxc5 18. cxd5 exd5 19. Ba3 Rac8 20. Qc2 Nd7 21. Bb2 Bxb2 22.
Qxb2 exf3 23. Nxf3 Qxe3+ 24. Kh1 d4 25. Qa3 Bxf3 26. Bxf3 Rxf3 27. Rxf3 Qxf3+
28. Kg1 Qe3+ 29. Kh1 d3 30. Qxa7 Qxc1+ 31. Kg2 Rf8 32. Qxd7 Qf1# 0-1

[Event "ch-FRA Blitz Online Qual"]
[Site "Europe-Chess INT"]
[Date "2020.05.16"]
[Round "7"]
[White "Citores, Mathis"]
[Black "Vernadet, Jacques"]
[Result "0-1"]
[WhiteElo "1288"]
[BlackElo "1600"]
[WhiteFideId "45148350"]
[BlackFideId "665169"]
[EventDate "2020.05.16"]

1. e4 c5 2. Nc3 e6 3. f4 d6 4. Nf3 Nc6 5. Bc4 Nf6 6. O-O Be7 7. Qe1 a6 8. a3 b5
9. Ba2 O-O 10. d3 b4 11. axb4 Nxb4 12. Be3 Ng4 13. Bb1 Nxe3 14. Qxe3 f6 15. Re1
Bb7 16. f5 e5 17. Nd5 Nxd5 18. Ba2 Kh8 19. Bxd5 Bxd5 20. exd5 Qb6 21. b3 a5 22.
Nh4 Rab8 23. Qh3 Kg8 24. Re3 c4 25. dxc4 Qd4 26. Re1 a4 27. bxa4 Rb2 28. Nf3
Qxc4 29. Rb3 Qxc2 30. Rxb2 Qxb2 31. g4 Qb6+ 32. Kh1 Qc5 33. Rg1 Qxd5 34. Qg3 Rb8
35. h4 Rb3 36. Rf1 e4 37. Ne1 Rxg3 38. g5 e3+ 39. Kh2 Qe5 40. Ng2 Rxg5+ 41. Kh1
Rg4 42. Rf3 e2 43. Re3 Re4 0-1

[Event "ch-FRA Blitz Online Qual"]
[Site "Europe-Chess INT"]
[Date "2020.05.16"]
[Round "7"]
[White "Le Neindre, Yael"]
[Black "El Barbry, Sarah"]
[Result "0-1"]
[WhiteElo "1258"]
[BlackElo "1779"]
[WhiteFideId "551064260"]
[BlackFideId "26051419"]
[EventDate "2020.05.16"]

1. d4 e6 2. c4 Nf6 3. Nc3 Bb4 4. Bg5 b6 5. Nf3 Bb7 6. e3 h6 7. Bh4 g5 8. Bg3 Ne4
9. Qc2 f5 10. h3 d6 11. Bd3 Nd7 12. Bh2 Ndf6 13. O-O Bxc3 14. bxc3 Qe7 15. Rfd1
Qg7 16. Qa4+ Ke7 17. Qb3 h5 18. Nd2 g4 19. h4 g3 20. Bxe4 gxf2+ 21. Kxf2 Nxe4+
22. Nxe4 Bxe4 23. Rg1 Rhg8 24. g3 Qg4 25. d5 Qf3+ 26. Ke1 Qxe3+ 27. Kd1 Bf3+ 28.
Kc2 Qe2+ 29. Kc1 Qxh2 30. Re1 e5 31. Qb5 Qxg3 32. Rf1 Qf4+ 33. Kb2 Qd2+ 34. Kb3
Be4 35. Qc6 Qc2+ 36. Kb4 a5+ 37. Ka3 Qxc3+ 38. Ka4 Bc2+ 39. Kb5 Qb4# 0-1

[Event "ch-FRA Blitz Online Qual"]
[Site "Europe-Chess INT"]
[Date "2020.05.16"]
[Round "7"]
[White "Rafalimanana, Hary"]
[Black "Daude, Alexandre"]
[Result "1-0"]
[WhiteElo "1238"]
[BlackElo "1518"]
[WhiteFideId "551039257"]
[BlackFideId "45102660"]
[EventDate "2020.05.16"]

1. e4 e6 2. d4 d5 3. Nc3 Bb4 4. e5 c5 5. a3 Bxc3+ 6. bxc3 Qc7 7. Qg4 Ne7 8. Qxg7
Rg8 9. Qxh7 cxd4 10. Ne2 dxc3 11. Qd3 Nbc6 12. Qxc3 Bd7 13. g3 O-O-O 14. Bf4 Nf5
15. Bg2 d4 16. Qb3 Na5 17. Qb2 Nc4 18. Qb4 a5 19. Qb3 b5 20. O-O Rh8 21. Rfd1
Bc6 22. Bxc6 Qxc6 23. Rab1 Rd5 24. c3 d3 25. Nd4 Nxd4 26. cxd4 Rxd4 27. Rxd3
Rxd3 28. Qxd3 Rd8 29. Qc3 Qd5 30. Rc1 Kd7 31. a4 Ke8 32. axb5 Rc8 33. b6 Nxb6
34. Qb2 Rxc1+ 35. Qxc1 Nc4 36. Qa1 Qd3 37. Qa4+ Ke7 38. Bg5+ Kf8 39. Bf6 Kg8 40.
Qe8+ Kh7 41. Qh8+ Kg6 42. Qg7+ Kf5 43. Qg5+ Ke4 44. Qf4+ Kd5 45. Bd8 Qe4 46.
Qxf7 Qe1+ 47. Kg2 Qe4+ 48. f3 Qe2+ 49. Kh3 Ne3 50. Qb7+ Kd4 51. Qb6+ Kd5 52.
Qb7+ Kxe5 53. Bc7+ Kd4 54. Qe4+ Kc3 55. Be5+ Kd2 56. Kh4 Qxh2+ 57. Kg5 Ng2 58.
Bf4+ Nxf4 59. Qxf4+ Ke2 60. Qe4+ Kd1 61. g4 Qd2+ 62. f4 Qd5+ 63. Qxd5+ exd5 64.
f5 a4 65. f6 a3 66. f7 a2 67. f8=Q a1=Q 68. Qf1+ Kc2 69. Qxa1 d4 70. Qxd4 1-0

[Event "ch-FRA Blitz Online Qual"]
[Site "Europe-Chess INT"]
[Date "2020.05.16"]
[Round "7"]
[White "De Smet, Fabrice"]
[Black "Albaladejo, Sylviane"]
[Result "1-0"]
[WhiteElo "1520"]
[BlackElo "1025"]
[WhiteFideId "45129657"]
[BlackFideId "20605218"]
[EventDate "2020.05.16"]

1. e4 e5 2. Nf3 Nc6 3. Bc4 Nf6 4. Nc3 Bc5 5. d3 O-O 6. h3 Na5 7. Nxe5 Nc6 8. Nf3
d5 9. exd5 Nd4 10. Nxd4 Bxd4 11. O-O a6 12. Ne2 Ba7 13. Bg5 h6 14. Bh4 Bc5 15.
c3 Be7 16. d4 b5 17. Bb3 Bb7 18. Nf4 g5 19. Bxg5 hxg5 20. Nd3 Bd6 21. Qf3 Qe7
22. Rae1 Qd7 23. Re2 Rae8 24. Rfe1 Rxe2 25. Rxe2 Re8 26. Ne5 Qe7 27. Qg3 Nh7 28.
Bc2 Bxd5 29. Bxh7+ Kxh7 30. Qd3+ Kg7 31. h4 Bxe5 32. dxe5 Bc4 33. Qd4 Bxe2 34.
e6+ Kf8 35. Qh8# 1-0

[Event "ch-FRA Blitz Online Qual"]
[Site "Europe-Chess INT"]
[Date "2020.05.16"]
[Round "7"]
[White "Minde, Baptiste"]
[Black "Delabre, Gaspard"]
[Result "0-1"]
[WhiteElo "1210"]
[BlackElo "1449"]
[WhiteFideId "45172110"]
[BlackFideId "36076627"]
[EventDate "2020.05.16"]

1. d4 d6 2. Nf3 Nf6 3. e3 g6 4. Bd3 Bg7 5. Nbd2 O-O 6. c3 c6 7. O-O Nbd7 8. Qb3
e5 9. dxe5 dxe5 10. Bc4 e4 11. Ng5 Qe7 12. Qa3 Qxa3 13. bxa3 Nc5 14. Bb2 h6 15.
Nh3 Bg4 16. Nf4 Rad8 17. Nb3 Nd3 18. Nxd3 exd3 19. f3 Be6 20. Bxe6 fxe6 21. Rfd1
e5 22. Nc5 e4 23. fxe4 d2 24. Ne6 Nxe4 25. Nxf8 Rxf8 26. Rf1 Rd8 27. Rad1 Rd3
28. Rf4 Rxe3 29. Rxe4 Rxe4 30. Rxd2 Rc4 31. Rd3 b6 32. Kf2 Kf7 33. Rd7+ Kf6 34.
Rd3 Ke6 35. Ke2 c5 36. Kd2 Be5 37. Kc2 Bxh2 38. Rh3 Bf4 39. Rh4 Kf5 40. g3 g5
41. Rxh6 Bxg3 42. Rh7 Ra4 43. Kb3 b5 44. Rf7+ Ke6 45. Rf3 c4+ 46. Kc2 Bf4 47.
Rh3 g4 48. Rh4 Kf5 49. Rh5+ Kg6 50. Rxb5 g3 51. Rd5 g2 52. Rd8 Kg7 53. Rd1 Be3
54. Re1 g1=Q 55. Rxg1+ Bxg1 56. Kd2 Bc5 57. Ke2 Bxa3 58. Bxa3 Rxa3 59. Ke3 Rxc3+
60. Kd4 Rc2 0-1

[Event "ch-FRA Blitz Online Qual"]
[Site "Europe-Chess INT"]
[Date "2020.05.16"]
[Round "7"]
[White "Duranton, Paul"]
[Black "Sudholt, Mario"]
[Result "1-0"]
[WhiteElo "1203"]
[BlackElo "1483"]
[WhiteFideId "551013169"]
[BlackFideId "551039877"]
[EventDate "2020.05.16"]

1. d4 f5 2. e3 Nf6 3. Bd3 e6 4. Nd2 Be7 5. f4 O-O 6. Ngf3 d5 7. O-O Ne4 8. Ne5
Nd7 9. Rf3 Nxe5 10. fxe5 Bg5 11. Bxe4 fxe4 12. Rh3 Qe7 13. Qh5 Bh6 14. Qg4 Bd7
15. Rxh6 Rf5 16. Rh3 Raf8 17. Rg3 Rf2 18. b3 Bb5 19. Ba3 Qxa3 20. Qxg7# 1-0

[Event "ch-FRA Blitz Online Qual"]
[Site "Europe-Chess INT"]
[Date "2020.05.16"]
[Round "7"]
[White "Negre, Maxime"]
[Black "Ghazaryan, Gor"]
[Result "0-1"]
[WhiteElo "1105"]
[BlackElo "1431"]
[WhiteFideId "45187231"]
[BlackFideId "45137595"]
[EventDate "2020.05.16"]

1. e4 e5 2. Nf3 Nc6 3. Bc4 Bc5 4. Nc3 d6 5. h3 Nf6 6. d3 h6 7. Be3 Nd4 8. a3 Be6
9. Nd5 c6 10. Nxf6+ Qxf6 11. Bxe6 Nxe6 12. Bxc5 Nxc5 13. b4 Ne6 14. c3 O-O 15.
O-O Qg6 16. Re1 Nf4 17. g3 Nxh3+ 18. Kg2 Nf4+ 19. Kg1 f5 20. Kf1 Ne6 21. exf5
Qxf5 22. Kg2 Qg4 23. d4 Nf4+ 24. Kf1 Qh3+ 0-1

[Event "ch-FRA Blitz Online Qual"]
[Site "Europe-Chess INT"]
[Date "2020.05.16"]
[Round "7"]
[White "Stajkovski, Stefan"]
[Black "De Nave, Julien"]
[Result "1-0"]
[WhiteElo "1428"]
[BlackElo "1177"]
[WhiteFideId "551053250"]
[BlackFideId "45188360"]
[EventDate "2020.05.16"]

1. e4 c5 2. Nf3 d6 3. d4 cxd4 4. Nxd4 Nf6 5. Bc4 Nxe4 6. Bxf7+ Kxf7 7. Qh5+ g6
8. Qd5+ Be6 9. Qxe6+ Kg7 10. Qxe4 Qa5+ 11. Nc3 e5 12. Nb3 Qb6 13. Be3 Qc7 14.
O-O Nc6 15. Rfd1 Be7 16. Nd5 Qd7 17. Nxe7 Qxe7 18. c4 Rhf8 19. c5 Rad8 20. cxd6
Qf6 21. Nc5 Rxd6 22. Rxd6 Qxd6 23. Nxb7 Qc7 24. Nc5 Re8 25. h3 Kg8 26. Rd1 Qb6
27. Qd5+ Kh8 28. Qf7 Rg8 29. Rd7 Rg7 30. Qxg7# 1-0

[Event "ch-FRA Blitz Online Qual"]
[Site "Europe-Chess INT"]
[Date "2020.05.16"]
[Round "7"]
[White "Gilles, Francois"]
[Black "Brunet-Moret, Leopold"]
[Result "1-0"]
[WhiteElo "1637"]
[BlackElo "1109"]
[WhiteFideId "654663"]
[BlackFideId "551078201"]
[EventDate "2020.05.16"]

1. d4 c5 2. d5 d6 3. c4 e6 4. Nc3 Nf6 5. e4 e5 6. f4 Qe7 7. Nf3 exf4 8. Bxf4
Nxe4 9. Qe2 Nxc3 10. Qxe7+ Bxe7 11. bxc3 O-O 12. Bd3 Bg4 13. Nd2 Re8 14. O-O Nd7
15. Ne4 Nf6 16. Nxd6 Bxd6 17. Bxd6 Re3 18. Bc2 Rxc3 19. Bb3 b6 20. Be5 Nd7 21.
Bxc3 a5 22. a4 Nf8 23. Rf4 Bd7 24. Raf1 Be8 25. Rg4 Ng6 26. Bc2 h5 27. Rg5 f6
28. Rxg6 Bxg6 29. Bxg6 h4 30. h3 Rd8 31. Re1 Kf8 32. Bd2 Rc8 33. Bf4 Rd8 34. Bc7
Rc8 35. Bxb6 Ra8 36. Bxc5+ Kg8 37. Re8+ Rxe8 38. Bxe8 Kh7 39. Bc6 Kg6 40. d6 Kf7
41. Bb6 g5 42. d7 Kg6 43. d8=Q Kf5 44. Qd3+ Ke6 45. Bd5+ Ke7 46. Bc5+ Ke8 47.
Qg6+ Kd8 48. Qf7 1-0

[Event "ch-FRA Blitz Online Qual"]
[Site "Europe-Chess INT"]
[Date "2020.05.16"]
[Round "7"]
[White "Richard, Maxime"]
[Black "Rigaud-Retourne, Mael"]
[Result "1-0"]
[WhiteElo "1436"]
[BlackElo "1103"]
[WhiteFideId "20643411"]
[BlackFideId "45167478"]
[EventDate "2020.05.16"]

1. d4 d5 2. c4 e6 3. Nf3 Nf6 4. Nc3 Nc6 5. Bg5 Be7 6. e3 Bd7 7. cxd5 exd5 8. Qc2
Be6 9. a3 O-O 10. Bd3 h6 11. Bh4 Qd6 12. O-O a6 13. Rae1 Bg4 14. Bg3 Qd7 15. Ne5
Nxe5 16. Bxe5 Rad8 17. f3 Be6 18. e4 dxe4 19. fxe4 Bd6 20. Bxf6 gxf6 21. Rxf6
Be7 22. Rxh6 Qxd4+ 23. Kh1 Qxd3 24. Qf2 Bg5 25. Rh5 Be7 26. Re3 Qd4 27. Rg3+ Qg7
28. Rxg7+ Kxg7 29. Qg3+ Kf6 30. e5# 1-0

[Event "ch-FRA Blitz Online Qual"]
[Site "Europe-Chess INT"]
[Date "2020.05.16"]
[Round "7"]
[White "Sabapathee, Florian"]
[Black "Mirguet, Ulysse"]
[Result "1-0"]
[WhiteElo "1444"]
[BlackElo "1105"]
[WhiteFideId "45195951"]
[BlackFideId "36044300"]
[EventDate "2020.05.16"]

1. c4 e5 2. g3 Nc6 3. Bg2 Nf6 4. Nc3 Bb4 5. e3 d6 6. Nge2 Bg4 7. O-O Qd7 8. a3
Bxc3 9. bxc3 Qe6 10. c5 d5 11. Re1 e4 12. Qb3 O-O-O 13. Rb1 Na5 14. Qb5 Qa6 15.
Qxa6 bxa6 16. Nd4 Nb7 17. Nc6 Nxc5 18. Nxd8 Rxd8 19. h3 Bf5 20. g4 Bg6 21. Bb2
Nd3 22. Red1 Rd6 23. Ba1 c5 24. Bf1 c4 25. Bxd3 exd3 26. f4 Be4 27. Rb4 Bf3 28.
Rdb1 Ne4 29. Rb8+ Kc7 30. R1b7+ Kc6 31. Rxa7 Nxd2 32. Rxa6+ Kc7 33. Rb2 Kd7 34.
Rxd6+ Kxd6 35. Rxd2 Be2 36. Rxe2 dxe2 37. Kf2 e1=Q+ 38. Kxe1 Kc6 39. h4 Kb5 40.
Kd2 Ka4 41. Bb2 Kb3 42. Kc1 Ka2 43. Kc2 g6 44. Bc1 f6 45. Kd2 h6 46. g5 hxg5 47.
f5 gxf5 48. h5 g4 49. h6 g3 50. Ke2 f4 51. exf4 Kb1 52. h7 Kxc1 53. h8=Q g2 54.
Kf2 Kc2 55. Kxg2 Kxc3 56. Qxf6+ d4 57. Kf2 Kc2 58. Qxd4 c3 59. Qxc3+ Kxc3 60. f5
Kd4 61. f6 Ke5 62. f7 Kd4 63. f8=Q Kd5 64. Qe7 Kc6 65. Qd8 1-0

[Event "ch-FRA Blitz Online Qual"]
[Site "Europe-Chess INT"]
[Date "2020.05.16"]
[Round "7"]
[White "Thibous, Leo"]
[Black "Zanin, Sylvie"]
[Result "1-0"]
[WhiteElo "1380"]
[BlackElo "1001"]
[WhiteFideId "45136084"]
[BlackFideId "45115532"]
[EventDate "2020.05.16"]

1. Nf3 d5 2. g3 Nc6 3. Bg2 b6 4. c4 d4 5. Ne5 Bb7 6. Nxc6 Qc8 7. Qa4 Qd7 8. O-O
Nf6 9. d3 h6 10. b4 Ng4 11. h3 Ne5 12. b5 Nxc6 13. bxc6 Qc8 14. cxb7+ Qd7 15.
bxa8=Q# 1-0

[Event "ch-FRA Blitz Online Qual"]
[Site "Europe-Chess INT"]
[Date "2020.05.16"]
[Round "7"]
[White "Chen, Zhiyue Dashan"]
[Black "Pernoud, Claire"]
[Result "1-0"]
[WhiteElo "1119"]
[BlackElo "1428"]
[WhiteFideId "551034930"]
[BlackFideId "663018"]
[EventDate "2020.05.16"]

1. e4 e5 2. Nf3 Nc6 3. Bc4 Be7 4. d4 exd4 5. Nxd4 Nf6 6. Nc3 O-O 7. O-O d6 8.
Nf3 Re8 9. h3 Na5 10. Bd3 c5 11. Bb5 Bd7 12. Bxd7 Qxd7 13. Nd5 Nxd5 14. exd5 b6
15. Re1 Nb7 16. Bf4 Bf6 17. c3 Re7 18. Rxe7 Qxe7 19. Qe1 Re8 20. Qxe7 Rxe7 21.
Re1 Rxe1+ 22. Nxe1 Kf8 23. Nf3 Ke7 24. Kf1 h6 25. Ke2 g5 26. Bg3 Bg7 27. h4 g4
28. Nd2 f5 29. f3 Be5 30. Bxe5 dxe5 31. fxg4 fxg4 32. c4 Kd6 33. b3 a6 34. Ne4+
Ke7 35. Ke3 Nd6 36. Nxd6 Kxd6 37. Ke4 b5 38. a3 b4 39. a4 a5 40. g3 h5 41. Kf5
Ke7 42. Kxe5 Kd7 43. d6 Kd8 44. Kd5 Kd7 45. Kxc5 Ke6 46. Kc6 Kf7 47. d7 Ke7 48.
Kc7 1-0

[Event "ch-FRA Blitz Online Qual"]
[Site "Europe-Chess INT"]
[Date "2020.05.16"]
[Round "7"]
[White "Villevieille, Theo"]
[Black "Lebrun, Leo"]
[Result "1-0"]
[WhiteElo "1109"]
[BlackElo "1441"]
[WhiteFideId "45177970"]
[BlackFideId "26097435"]
[EventDate "2020.05.16"]

1. e4 d6 2. d4 Nf6 3. Nc3 g6 4. Bf4 Bg7 5. Nf3 O-O 6. Bc4 c5 7. Qd2 cxd4 8. Nxd4
Nc6 9. Nxc6 bxc6 10. O-O Qa5 11. Bh6 d5 12. exd5 cxd5 13. Bxg7 Kxg7 14. Bxd5 Rd8
15. Rad1 Nxd5 16. Nxd5 Be6 17. Qc3+ Kf8 18. Qxa5 Rac8 19. Nc3 Rxd1 20. Rxd1 Bg4
21. Rd8+ Rxd8 22. Qxd8+ Kg7 23. h3 Be6 24. Qxe7 a5 25. a3 h5 26. Ne4 Bf5 27.
Qe5+ Kf8 28. g4 hxg4 29. hxg4 Be6 30. Qxa5 Bxg4 31. b4 Bf5 32. Ng3 Bxc2 33. b5
Bf5 34. b6 Bc8 35. Qa8 Kg7 36. Qxc8 f5 37. b7 g5 38. b8=Q f4 39. Qbb7+ Kh6 40.
Qcc6# 1-0

[Event "ch-FRA Blitz Online Qual"]
[Site "Europe-Chess INT"]
[Date "2020.05.16"]
[Round "7"]
[White "Fischler, Ines"]
[Black "Tempier, Martin"]
[Result "0-1"]
[WhiteElo "1129"]
[BlackElo "1357"]
[WhiteFideId "551033658"]
[BlackFideId "36009300"]
[EventDate "2020.05.16"]

1. e4 d5 2. exd5 Qxd5 3. Nc3 Qa5 4. Nf3 Nf6 5. d3 Bg4 6. h3 Bh5 7. Bg5 Bxf3 8.
Qxf3 Qxg5 9. Qxb7 c6 10. Qxa8 Qe5+ 11. Be2 Qc7 12. O-O Nd7 13. Na4 e6 14. Bf3
Bd6 15. Rfe1 O-O 16. Re3 Bf4 17. Re2 Ne5 18. Rxe5 Bxe5 19. Re1 Bf6 20. Re4 Nd7
21. Rc4 Rxa8 22. Rxc6 Qa5 23. Rc5 Qxa4 24. Bxa8 Nxc5 25. Bc6 Qxc6 26. a4 Be5 27.
c3 Nxd3 28. b4 Qb6 29. a5 Qxf2+ 30. Kh1 Qf1# 0-1